Arab League Members Quiz - Statistics

General Stats
  • This quiz has been taken 82 times
    57 since last reset
  • The average score is 20 of 22
Answers on the Map
Answers color-coded by a green-red scale on the quiz's map according to % correct below.
 
Answer Stats
Answer % Correct
Algeria
97%
Egypt
95%
Iraq
95%
Morocco
95%
Oman
95%
Syria
95%
Palestine
92%
Qatar
92%
Saudi Arabia
92%
United Arab Emirates
92%
Bahrain
90%
Djibouti
90%
Lebanon
90%
Mauritania
90%
Sudan
90%
Tunisia
90%
Yemen
90%
Jordan
87%
Libya
87%
Kuwait
85%
Somalia
85%
Comoros
82%
No matching quizzes found
Score Distribution
Percent of People with Each Score
Percentile by Number Answered
Your Score History
You have not taken this quiz since the last reset